| 000 -LEADER |
| fixed length control field |
00406cam a22001097a 4500 |
| 008 - FIXED-LENGTH DATA ELEMENTS--GENERAL INFORMATION |
| fixed length control field |
180718b xxu||||| |||| 00| 0 eng d |
| 082 ## - DEWEY DECIMAL CLASSIFICATION NUMBER |
| Classification number |
J72x54 C349 |
| 245 ## - TITLE STATEMENT |
| Title |
Urban economic Base : A reveiw of contemporary Indian experience |
| Statement of responsibility, etc. |
By Satyesh C. Chakraborty |
| 260 ## - PUBLICATION, DISTRIBUTION, ETC. |
| Place of publication, distribution, etc. |
Calcutta |
| Name of publisher, distributor, etc. |
Indian Institute of management |
| Date of publication, distribution, etc. |
|
| 300 ## - PHYSICAL DESCRIPTION |
| Extent |
61p |
| 650 ## - SUBJECT ADDED ENTRY--TOPICAL TERM |
| Topical term or geographic name entry element |
Urbanization --Calcutta (Region) Cities and towns - Calcutta (Region) |